The Western heritage / (Record no. 3425)
[ view plain ]
| 000 -LEADER | |
|---|---|
| fixed length control field | 01871nam a2200217 a 4500 |
| 003 - CONTROL NUMBER IDENTIFIER | |
| control field | PILC |
| 005 - DATE AND TIME OF LATEST TRANSACTION | |
| control field | 20250818135115.0 |
| 008 - FIXED-LENGTH DATA ELEMENTS--GENERAL INFORMATION | |
| fixed length control field | 070912s1966 xx 00 eng d |
| 010 ## - LIBRARY OF CONGRESS CONTROL NUMBER | |
| LC control number | Acc#9524 |
| 040 ## - CATALOGING SOURCE | |
| Transcribing agency | Philippine Baptist Theological Seminary |
| 050 ## - LIBRARY OF CONGRESS CALL NUMBER | |
| Classification number | CB 245 |
| Item number | Ea79 1966 |
| 100 10 - MAIN ENTRY--PERSONAL NAME | |
| Personal name | Easton, Stewart C. |
| 245 10 - TITLE STATEMENT | |
| Title | The Western heritage / |
| Statement of responsibility, etc. | Stewart C. Easton. |
| 250 ## - EDITION STATEMENT | |
| Edition statement | 2nd edition. |
| 264 ## - PRODUCTION, PUBLICATION, DISTRIBUTION, MANUFACTURE, AND COPYRIGHT NOTICE | |
| Place of production, publication, distribution, manufacture | New York, NY : |
| Name of producer, publisher, distributor, manufacturer | Holt, Rinehart and Winston, Inc., |
| Date of production, publication, distribution, manufacture, or copyright notice | ©1966. |
| 300 ## - PHYSICAL DESCRIPTION | |
| Extent | x, 945 pages ; |
| Other physical details | illustrations ; |
| Dimensions | 26 cm. |
| 504 ## - BIBLIOGRAPHY, ETC. NOTE | |
| Bibliography, etc | Includes index. |
| 505 ## - FORMATTED CONTENTS NOTE | |
| Formatted contents note | I. BEFORE HISTORY<br/>- The foundations of an organized society<br/>- Prehistoric man<br/>II. THE ANCIENT WORLD<br/>- The heritage of the ancient Near east<br/>- The heritage of Greek civilization<br/>- From republic to Empire-the evolution of Roman Civilization<br/>III. THE CENTURIES OF TRANSITION<br/>- The rise of Christianity<br/>- The fall of Rome and the establishment of successor states in the west<br/>- Successor states of the East- Byzantine and Muslin empires<br/>IV. THE MIDDLE AGES<br/>- Political, social, and economic structure of the middle ages <br/>- The church to the end of the thirteenth century<br/>- The evolution of national states in the Middle ages<br/>- Medieval culture<br/>V. THE NINETEENTH CENTURY<br/>- Nationalism in the nineteenth century<br/>- The industrial revolution and its consequences<br/>- Liberalism and democracy in the nineteenth century<br/>- Romanticism and realism of the nineteenth century<br/>- The expansion of Europe in the nineteenth century<br/>VII. THE TWENTIETH CENTURY<br/>- The Epoch of world war I<br/>- The Ebbing of democratic initiative and the drift toward war<br/>- The global and the foundation of the United nations<br/>- Power and influence in the Postwar world<br/>- Social and cultural changes in the western world in the twentieth century |
| 650 ## - SUBJECT ADDED ENTRY--TOPICAL TERM | |
| Topical term or geographic name as entry element | CIVILIZATION, WESTERN |
| General subdivision | HISTORY |
| 942 ## - ADDED ENTRY ELEMENTS (KOHA) | |
| Koha item type | Circulation Books |
| Source of classification or shelving scheme | Library of Congress Classification |
| Withdrawn status | Lost status | Source of classification or shelving scheme | Damaged status | Not for loan | Home library | Current library | Shelving location | Date acquired | Cost, normal purchase price | Total Checkouts | Full call number | Barcode | Date last seen | Price effective from | Koha item type |
|---|---|---|---|---|---|---|---|---|---|---|---|---|---|---|---|
| Dewey Decimal Classification | PBTS Library | PBTS Library | Circulation Section | 09/12/2007 | 9.00 | CB 245 Ea79 1966 | 9524 | 03/06/2026 | 04/02/2015 | Circulation Books |